[Event "FIDE-Wch k.o."]
[Site "New Delhi/Teheran"]
[Date "2000.12.05"]
[Round "3.6"]
[White "Ehlvest, Jaan"]
[Black "Movsesian, Sergei"]
[Result "1-0"]
[WhiteElo "2627"]
[BlackElo "2666"]
[Annotator "Hazai,L"]
[PlyCount "63"]
[EventDate "2000.11.27"]
[EventType "k.o."]
[EventRounds "7"]
[EventCountry "IND"]
[SourceTitle "CBM 081"]
[Source "ChessBase"]
[SourceDate "2001.03.20"]
[SourceVersion "1"]
[SourceVersionDate "2001.03.20"]
[SourceQuality "1"]

1. d4 Nf6 2. Nf3 g6 3. c4 Bg7 4. Nc3 O-O 5. Bg5 d6 ({If Black wants to avoid
the pressure on the c1-h6 /^, he can insert} 5... h6 6. Bh4 {and only then} d6)
6. e3 (6. Qd2) 6... Nbd7 {Black wants to play e5, but then the B on g5 has
it's important role.} (6... c5 {or}) (6... h6 7. Bh4 c5 {is the other way to
attack White's [+]. In this case Black has some pressure on the long /^ and
White's dark-squared B is sometimes out of play.}) 7. Qc2 e5 8. Rd1 h6 9. Bh4
Re8 10. Be2 g5 (10... c6 11. dxe5 {White immediately wants to clarify matters
in the [+].} (11. O-O Qe7 12. b4 {This is the logical plan here. Black's
chances on the >> are minimized by the active B on h4.} (12. h3 {preparing the
retreat for the B is not so useful in this case.} a6 (12... e4 {leads to
King's Indian Attack type of position, where the B is excellent on h4 instead
of c1.} 13. Nd2 Qe6 14. d5 $1 $16) 13. a3 Qf8 14. Bg3 Qe7 {Black cannot find
an adequate plan.} 15. dxe5 (15. c5 $143 dxc5 16. dxe5 Nh5) (15. d5 c5) 15...
dxe5 16. b4 {White has to play on the <<, especially when the dark squares are
weakened there.} b6 17. Rd2 Bb7 18. Rfd1 $14 {with pressure on the d <->,
Ehlvest-Kulaots, Riga 1995.}) 12... a6 (12... e4 $2 {is again inferior.} 13.
Nd2 g5 14. Bg3 {The B is even better on the h2-b8 /^.} h5 15. h4 Bh6 16. d5 ({
or the other push} 16. c5 d5 17. b5 $14 {with a strong |^ on the <<.}) 16...
cxd5 17. cxd5 Ne5 18. hxg5 Bxg5 19. Ncxe4 {and the important e4 P is gone.} Bf5
20. Nxf6+ Qxf6 21. Qb3 $18 {V.Kovacevic-Postl, Senec 1998}) 13. d5 c5 14. a3 b6
15. Nd2 Nf8 16. f3 Qc7 17. Rb1 $14 {with a favourable Classical King's Indian
structure for White, Avrukh-Nevednichy, Elista 1998.}) 11... dxe5 12. O-O Qc7 (
12... Qe7 13. Nd2 Nf8 14. a3 {/\ b4,c5,Nc4 >< d6.} Bf5 15. Qc1 g5 16. Bg3 Ng6
17. f3 h5 {Black's only chance is a direct assault on the >>.} 18. Nde4 h4 19.
Be1 Nxe4 20. Nxe4 Red8 21. Rxd8+ Rxd8 22. c5 Be6 23. Nd6 $14 {and finally the
N has reached the desired post on d6, Inkiov-Sznapik, Lodz 1978 Inf.25/703.})
13. Nd2 Nf8 (13... Nc5 $6 {runs into} 14. b4 $16) (13... a5 $6 {weakens the
dark squares on the <<.} 14. Nde4 $14) 14. c5 $1 Bf5 15. Qc1 N8d7 (15... Nd5 $5
{Inkiov}) 16. b4 a5 17. a3 axb4 18. axb4 b6 {Black wants to eliminate the
stronghold on c5.} (18... Nd5 19. Nc4 Nxb4 20. Nd6 Rf8 21. Nxf5 gxf5 22. Qb1
Na6 23. Qxf5 $36) 19. Nc4 $1 bxc5 ({Ignoring White's threats leads nowhere:} 
19... Be6 $6 20. Bxf6 $1 Bxf6 21. Ne4 Be7 (21... Bg7 {Inkiov}) 22. Ncd6 {
with a total control over >< d6.} Rf8 23. Bc4 $1 Bxc4 24. Qxc4 $16 {
Inkiov-Uhlmann, Bulgaria-DDR 1986 Inf.42/751}) 20. b5 $5 (20. Nd6 cxb4 $5 (
20... Rf8 21. b5 $1 Bg4 22. Bxg4 Nxg4 23. bxc6 Qxc6 24. Nd5 $1 $44) 21. Nxe8
Nxe8 $1 $13 {with sufficient compensation for the sacrificed echange.}) 20...
Bg4 21. Bxg4 Nxg4 22. bxc6 Qxc6 23. Rd6 $1 Qb7 24. Rfd1 $44) (10... exd4 {
gives up the [+], but Black wants to control the vital e4 square after Nc5.}
11. Nxd4 a5 (11... Nc5 {immediately is answered by} 12. b4 $1 Ne6 13. Nb3 {
Black's N is in the way of the R and the B, so White avoids exchanges in a
position, where Black has less space.} Bd7 14. O-O b6 {(Lechtynsky-Mista, CZE
1998)} 15. Bf3 $1 $14 {with an excellent B on the long /^.}) 12. b3 (12. Ndb5
Nc5 13. O-O g5 14. Bg3 Nfe4 {and Black has reached, what he wanted.}) (12. O-O
Nc5 13. Bf3 a4 14. b4 axb3 15. axb3 $14) 12... Nc5 13. Bf3 Bd7 14. O-O c6 15.
Bg3 Bf8 {(Malaniuk-Krapivin, Pardubice 1998)} 16. a3 $14 {/\ b4 pushing back
the strong c5 N.}) 11. dxe5 (11. Bg3 {immediately is also possible.} Nh5 12.
dxe5 Nxg3 13. hxg3 Nxe5 (13... dxe5 14. Bd3 $16 {with total control over the
light squares.}) 14. Nd4 $14 {>< f5} (14. Nxe5 Rxe5 15. g4 Bd7 $13)) 11... dxe5
(11... gxh4 12. exf6 Bxf6 13. O-O $14 {leads to a better P structure for White,
and the light squares remain vulnerable as well.}) 12. Bg3 Qe7 (12... Nh5 $2 {
founders on the tactics:} 13. Bxe5 $1 g4 14. Bxg7 gxf3 15. Bxh6 fxe2 16. Qxe2
$18) 13. O-O c6 14. a3 {preparing for b4.} (14. Nd2 {is worthy of
consideration as well, for example} e4 15. b4 $1 $14 {and White has spared the
preparatory move a3.}) 14... a5 {Soon Black will regret this weakening move...}
(14... Nh5 15. Ne4 $14 {>< d6} (15. Bxe5 $2 {doesn't work already because of}
Nxe5 16. Nxe5 Qxe5 17. Bxh5 g4 $1 {and the B is in trouble.})) 15. Rb1 (15. h3
$5 {securing the retreat of the B was playable.}) 15... Nh5 16. Rfd1 e4 (16...
Nxg3 17. hxg3 Nc5 18. b4 axb4 19. axb4 Na6 20. c5 $16) 17. Nd4 {This is the
quiet approach.} (17. Bd6 $5 {leads to sharper fight:} Qe6 18. Nxg5 hxg5 19.
Bxh5 Qxc4 20. Be2 Qe6 21. Rd2 $16) 17... Nxg3 18. hxg3 Nf8 (18... Nf6 19. Na4
$1 $16) 19. Na4 $1 {The weaknesses of the dark squares on the << begin to tell.
} c5 (19... Bd7 20. Nb6 Rad8 21. c5 $16) 20. Nb5 Ra6 21. Nac3 {/\ Nd5} f5 $2 {
[%mdl 8192] Now White wins the exchange without any trouble.} (21... Bxc3 $8 {
was the only way to avoid the collapse.} 22. Nxc3 f5 23. Nd5 Qe5) 22. Nd5 $18
Qe5 23. Ndc7 Re7 24. Nxa6 bxa6 25. Rd5 Qe6 26. Nd6 f4 27. Rbd1 Bd7 28. Nf5 Rf7
29. Nxg7 Rxg7 30. Qc3 Ng6 31. Rd6 Qe8 32. Bh5 1-0

[Event "Bundesliga 0203"]
[Site "Germany"]
[Date "2003.02.08"]
[Round "10.8"]
[White "Graf, Alexander"]
[Black "Nunn, John DM"]
[Result "1/2-1/2"]
[WhiteElo "2635"]
[BlackElo "2611"]
[Annotator "Hazai,L"]
[PlyCount "174"]
[EventDate "2002.10.19"]
[EventType "team-tourn"]
[EventRounds "15"]
[EventCountry "GER"]
[SourceTitle "CBM 094"]
[Source "ChessBase"]
[SourceDate "2003.05.26"]
[SourceVersion "1"]
[SourceVersionDate "2003.05.26"]
[SourceQuality "1"]
[WhiteTeam "Porz"]
[BlackTeam "Luebeck"]
[WhiteTeamCountry "GER"]
[BlackTeamCountry "GER"]

1. d4 Nf6 2. c4 g6 3. Nc3 Bg7 4. e4 d6 5. f3 O-O 6. Be3 Nc6 7. Nge2 a6 8. Qd2
Rb8 9. Rc1 Bd7 10. Nd1 {White is making preparations against Black's normal
plans 10...b5 and 10...e5.} Re8 {This novelty doesn't look very promising.} (
10... b5 $6 {is now strongly met by} 11. c5 $1 e6 12. Nf2 Qe7 (12... b4 $6 13.
g3 Na5 14. Nd3 dxc5 15. Nxc5 $16 {Black's << is in ruins.} Bb5 16. Nf4 g5 17.
Nfd3 Nc6 18. Ne5 g4 $4 19. Bxb5 {1-0 Nenashev-Gadjily, Dubai 2000}) 13. cxd6
cxd6 14. g3 {/\ Bg2} Qd8 15. Bg2 Qa5 16. Qxa5 Nxa5 17. b3 Rfc8 18. Kd2 $14 {
and White has a strong P [+], therefore the space advantage as well,
Conquest-Kindermann, Germany 2000.}) (10... e6 $5 {is an interesting, unusual
plan.} 11. g3 Ne8 12. Bg2 f5 13. O-O Nf6 14. Nf2 Qe7 15. f4 (15. b4 $5) 15...
fxe4 16. d5 Nd8 17. Nc3 Nf7 18. Ncxe4 Nxe4 19. Nxe4 e5 20. Rfe1 Bf5 $13 {
Hertneck-Schmaltz, Germany 1998}) (10... e5 11. d5 Ne7 12. c5 $5 {White has
the same reaction, as in case of 10...b5.} (12. g3 Ne8 13. Bg2 c5 14. b4 b6 15.
O-O f5 16. Nf2 {1/2-1/2 Bischoff-Nunn, Paignton 2000}) (12. b4 $5) 12... Ne8 (
12... dxc5 13. Bxc5 Ne8 {/\ Nd6 is a possibility transposing after} 14. Nec3 {
to the game continuation.}) 13. b4 {against 13...dxc5} (13. Nec3 dxc5 $5 {
vacating the d6 square for the blockading N comes into consideration.} (13...
f5 14. Bd3 (14. b4 {- 13.b4})) (13... c6 14. cxd6 Nxd6 15. Bc5 $14) 14. Bxc5
Nd6 15. Bd3 f5 16. O-O Kh8 {/\ Ng8, Bh6}) 13... f5 14. Nec3 (14. Ndc3 Nf6)
14... Nf6 15. Be2 {Finally White can finish his development.} Kh8 16. Nb2 {
/\ Nc4 improving the N and waiting with 0-0.} (16. O-O {castles into Black's
standard ->.} f4 17. Bf2 g5) 16... Nc8 {If this is necessary, then White's
advantage is undisputable in the opening. He has a strong pressure on the <<,
while Black's chances for a >> -> are problematic.} (16... f4 17. Bf2 g5 18.
Nc4 {and White's K may remain in the [+] because of the closed character of
the position.}) 17. Nc4 (17. O-O {now comes into consideration, after one of
Black's pieces has left the >>.} f4 18. Bf2 g5 19. Qd1 $1 {against g4.} (19.
Nc4 g4)) 17... fxe4 18. fxe4 Ng4 (18... Nh5 19. Bxh5 Qh4+ 20. Bf2 Qxh5 21. O-O
g5 22. Be3 h6 23. Rxf8+ Bxf8 24. Rf1 Be7 25. Ne2 Qg6 26. Ng3 $16 {Graf-Mamedov,
Dubai 2002}) 19. Bg5 ({or simply} 19. Bxg4 Bxg4 20. Bf2 $16 {/\ 0-0}) 19... Bf6
20. O-O Kg7 21. Rxf6 Nxf6 22. Bh6+ Kg8 23. Bxf8 Qxf8 24. Qe3 $16 {Graf-Nunn,
BL 2001 CBM 82}) 11. Nf2 b5 $6 {This provocative move will lead more or less
forced to an exchange sacrifice!} (11... e6 $5) 12. c5 dxc5 13. Rxc5 {Now the
P structure clearly favours White.} e5 {otherwise Black has no counterplay.}
14. d5 Ne7 15. Qc2 c6 $5 {Now, or never. If the backward c P remains, White is
clearly better.} (15... Rc8 16. Nd3) 16. dxc6 Nxc6 17. Rxc6 Bxc6 18. Qxc6 $16 {
Black wanted to keep the activity at any cost. However White has time to
finish his development and then two light pieces will overcome the R slowly
but surely.} Bf8 19. Qc3 Rc8 20. Qd2 Qc7 21. Nc1 Bc5 22. Bxc5 Qxc5 23. Nb3 Qb6
24. Bd3 Nh5 25. g3 {and Black's dreams of -> cannot be realized.} Ng7 26. Ng4
Red8 27. Ne3 {/\ Nd5 centralizing the N and covering the d <-> as well.} Qd6
28. Nd5 Ne8 29. Ke2 {The K in the middle is relatively safe now.} (29. Na5 Rd7)
29... Nc7 30. Nxc7 Rxc7 31. Rd1 Qe6 32. Qe3 Qh3 33. Qf2 Qc8 34. Rd2 a5 {
This is a desperate attempt to change the course of the game.} 35. Bxb5 (35.
Nxa5 Rcd7 36. Nb3 $16 {was even simpler.}) 35... a4 36. Rxd8+ Qxd8 37. Nd2 Rc2
38. Qe3 Qa5 39. Bc4 Qb4 40. Bd5 Qxb2 {Black has activated his pieces, but
White's position remained rock-solid and everything is defended.} 41. f4 Kg7
42. fxe5 Qxe5 43. Qa7 Qf6 44. Kd1 Rc8 45. Qxa4 (45. e5 Qxe5 46. Qxf7+ Kh8)
45... Qa1+ 46. Ke2 Qg1 47. Kd3 Qxh2 48. Qd4+ f6 49. Qa7+ (49. e5 $1 {looks
crisper.} Qxg3+ 50. Bf3 Kh6 51. exf6 $18) 49... Kh8 50. Qe3 Qh5 51. a4 Qe5 52.
Nc4 Qa1 53. Qb6 h5 54. a5 Qf1+ 55. Kc3 Qe1+ 56. Kb2 Qxg3 57. Qxf6+ Kh7 58. a6 {
The a P should decide the battle...} Rb8+ 59. Bb7 Qc7 60. Nd6 Qb6+ 61. Kc2 Rg8
62. e5 Rg7 63. Nc4 (63. Ne4 Rc7+) 63... Qd4 64. Qf1 (64. Kb3) 64... Rc7 65. Kb3
Qc5 66. Qd3 $2 {[%mdl 8192] This serious blunder ruins White's efforts at once.
} (66. Qe2) 66... Qb5+ 67. Kc3 Qxe5+ $11 {and the fall of the e P is really
serious! With the new time limit these blunders occur frequently, ruining the
quality of the game.} 68. Kd2 Qb5 69. Ne3 Qb4+ 70. Ke2 Qb2+ 71. Qd2 Qb5+ 72.
Kf2 Rf7+ 73. Kg1 Qb6 74. Kg2 Rxb7 75. axb7 Qxb7+ 76. Nd5 Qf7 77. Qd4 Qf5 78.
Ne3 Qe6 79. Kf2 Qf7+ 80. Kg3 Qc7+ 81. Kh3 Qe7 82. Nd5 Qe6+ 83. Kh2 Qe2+ 84. Kh1
Qf3+ 85. Kh2 Qe2+ 86. Kg3 Qg4+ 87. Qxg4 hxg4 1/2-1/2

[Event "FIDE World Cup-C"]
[Site "Shenyang"]
[Date "2000.09.05"]
[Round "5"]
[White "Bareev, Evgeny"]
[Black "Fedorov, Alexei"]
[Result "1-0"]
[WhiteElo "2702"]
[BlackElo "2646"]
[Annotator "Hazai,L"]
[PlyCount "79"]
[EventDate "2000.09.01"]
[EventType "tourn"]
[EventRounds "5"]
[EventCountry "CHN"]
[EventCategory "15"]
[SourceTitle "CBM 079"]
[Source "ChessBase"]
[SourceDate "2000.11.21"]
[SourceVersion "1"]
[SourceVersionDate "2000.11.21"]
[SourceQuality "1"]

1. d4 Nf6 2. c4 g6 3. Nc3 Bg7 4. e4 d6 5. Be2 O-O 6. Bg5 Na6 7. f4 Qe8 8. Nf3
e5 $1 9. fxe5 (9. dxe5 dxe5 10. Nxe5 Nc5 $132) 9... dxe5 10. d5 (10. Nxe5 c5
$132) (10. dxe5 Ng4 11. Nd5 Nxe5 12. Be7 c6 {sacrificing the exchange for a
strong compensation.}) 10... h6 (10... Nh5 {- Alterman-Bosboom, Wijk aan Zee
1998 CBM 63.}) 11. Bxf6 (11. Bh4 {- Sorin-Zarnicki, Buenos Aires 2000 CBM 79})
11... Bxf6 12. a3 c5 {This blockade is Black's main idea in this position.} (
12... Qe7 13. O-O (13. b4 c5 $13) 13... Rd8 14. Rb1 c5 $13 {blockading all the
dark squares, Mohr-Miles, Bad Worishofen 1990.}) 13. O-O Bd7 14. Rb1 Qe7 15. b4
(15. Qd2 Bg7 $13) 15... Qd6 (15... cxb4 $2 {founders on} 16. axb4 Nxb4 $4 17.
d6 $18) 16. Nb5 Qb6 17. Kh1 Rac8 18. Qe1 Bg7 (18... cxb4 {immediately doesn't
seem to be good because of} 19. axb4 Bxb5 20. cxb5 Nc7 21. Nd2 $14) 19. Qg3
cxb4 20. axb4 Bxb5 21. cxb5 Nb8 22. Nxe5 Qd4 23. Nxf7 $1 {White is more or
less forced to sacrifice the piece.} Rxf7 24. Rxf7 Kxf7 25. Bg4 Rd8 (25... Re8
$2 26. Be6+ Rxe6 27. dxe6+ Kxe6 28. Qxb8 $18) 26. Be6+ (26. Rf1+ Kg8 27. Qc7
Rf8 28. Rxf8+ Bxf8 29. Be6+ Kh8 30. h3 $44) 26... Ke7 27. Rf1 Bf6 (27... Be5 $1
{was the precise defence.} 28. Qxg6 Rf8 29. Rc1 Qc3 $1 (29... Qb2 30. Qxh6 Rh8
31. Qg5+ Kd6 32. h3 Qxb4 33. Qg6 $1) 30. Qxh6 Rf6 $13) 28. Qxg6 Rf8 29. h3 Be5
30. Bf5 $2 {This is a clear mistake.} (30. Rc1 Qc3 31. Qxh6 Rf6 $13) 30... Qb6
31. Qh5 Qxb5 32. Rd1 Rf6 $17 33. Qg4 Kd6 34. Rc1 Nd7 35. Qg8 Qxb4 36. Bxd7 Kxd7
37. Qg4+ (37. Qg7+ Kd8 $1) 37... Kd6 38. Qc8 Qb6 $4 {[%mdl 8192] This is a
terrible blunder!} (38... Ke7 $1 $19 {was winning immediately.}) 39. Qb8+ Kd7
40. Qxe5 1-0

[Event "Rubinstein Memorial 37th"]
[Site "Polanica Zdroj"]
[Date "2000.08.25"]
[Round "8"]
[White "Krasenkow, Michal"]
[Black "Fedorov, Alexei"]
[Result "1-0"]
[WhiteElo "2702"]
[BlackElo "2646"]
[Annotator "Huzman,A"]
[PlyCount "65"]
[EventDate "2000.08.17"]
[EventType "tourn"]
[EventRounds "9"]
[EventCountry "POL"]
[EventCategory "17"]
[SourceTitle "CBM 079"]
[Source "ChessBase"]
[SourceDate "2000.11.21"]
[SourceVersion "1"]
[SourceVersionDate "2000.11.21"]
[SourceQuality "1"]

1. d4 Nf6 2. c4 g6 3. Nc3 Bg7 4. e4 d6 5. Nf3 O-O 6. h3 e5 7. d5 Na6 8. Bg5 Qe8
9. g4 Nc5 10. Nd2 a5 11. Qf3 Nfd7 12. O-O-O (12. Rg1 c6 (12... f6 13. Be3 Rf7
14. h4 Qf8 15. Qg3 Bh6 16. g5 fxg5 17. hxg5 Bg7 18. Be2 Rf4 19. Rh1 Qf7 20.
O-O-O Nf8 21. Rh4 $16 {1-0 Bagirov,V-Podzielny,K/Oipen 1993/Inf 58/[Bagirov,V]
(40)}) (12... Kh8 13. O-O-O a4 14. Nb5 Na6 15. h4 h6 16. Be3 Qe7 17. g5 h5 18.
Nb1 f5 19. exf5 Rxf5 20. Qe2 Ndc5 $17 {1-0 Avrukh,B-Kempinski,R/Biel SUI 2000/
The Week in Chess 300 (42)}) 13. Be2 (13. h4 Nb8 14. h5 Nba6 15. Rc1 a4 16. h6
Bh8 17. Bf6 Nd7 18. Bxh8 Kxh8 19. Nxa4 Qd8 20. a3 Nf6 21. Be2 Ng8 22. Qe3 c5
23. Rh1 $16 {1-0 King,D-Brunner,L/Geneve 1990/CBM 21 (44)}) 13... Nb6 (13...
Rb8 14. Nf1 Nb6 15. Ne3 f6 16. Bh4 Nba4 17. Nxa4 Nxa4 18. Nf5 gxf5 19. gxf5 Kh8
20. O-O-O Qe7 21. Kb1 Bd7 22. Qe3 cxd5 23. cxd5 b5 24. Rg3 b4 25. Rdg1 Rg8 $17
{0-1 Andonov,B-Gross,D/Valjevo YUG 2000/The Week in Chess 294 (39)}) 14. h4 h6
15. Be3 Nba4 16. Nxa4 Nxa4 17. b3 Nc5 18. h5 g5 19. Kf1 Bd7 20. Kg2 cxd5 21.
cxd5 b5 22. Rac1 Qe7 23. Rc2 Rfc8 24. Rgc1 $14 {1-0 Brondum,E-Hejberg,C/
Copenhagen 1997/EXT 99 (53)}) (12. Nb5 Na6 13. Qc3 (13. O-O-O Ndc5 14. Rg1 c6
15. Nxd6 Qd7 16. Nxc8 Rfxc8 17. Kb1 Nb4 18. Rc1 cxd5 19. cxd5 h6 20. Be3 Qa4
21. a3 Nb3 $44 {1/2-1/2 Hoi,C-Sylvan,J/Tjalfe 1995/EXT 99 (61)}) 13... b6 14.
b3 f5 15. f3 Ndc5 16. a3 fxe4 17. fxe4 Rf4 $1 18. Qc2 Bd7 19. Nc3 c6 20. Rb1
cxd5 21. Nxd5 Ne6 $36 {1-0 Akesson,R-Dydyshko,V/Yerevan (ol) 1996/Inf 67/
[Dydyshko,V] (40)}) 12... c6 (12... f6 13. Be3 f5 14. gxf5 gxf5 15. exf5 Kh8
16. Nde4 Nxe4 17. Nxe4 Nf6 18. Nxf6 Rxf6 19. Bd3 Bxf5 20. Bxf5 Qf8 21. Rhg1
Rxf5 22. Qe4 Bh6 $11 {1/2-1/2 Granero Roca,A-Vassallo,M/Interclubs Aut.Sur
1994 (41)}) (12... Kh8 13. Qe3 f5 14. gxf5 gxf5 15. exf5 Nf6 16. f3 Bxf5 17.
Nde4 Bxe4 18. fxe4 Nh5 19. Kb1 Qf7 20. Be2 Nf4 21. Bg4 {1/2-1/2 Bukal,V-Biti,O/
Zagreb 1997/EXT 99 (21)}) (12... f5 13. gxf5 gxf5 14. exf5 Nf6 15. Bxf6 Rxf6
16. Nde4 Rxf5 17. Qg3 Nxe4 18. Nxe4 Kh8 {1/2-1/2 Lukin,A-Novik,M/Moscow 1991/
URS-ch (18)}) 13. h4 h6 14. Be3 a4 15. h5 (15. Ndb1 $5 Qe7 16. h5 g5 17. Na3)
15... g5 16. Be2 (16. Ndb1 $142) 16... Qd8 17. Kb1 Qa5 $132 18. Rc1 Qb4 19. Kc2
a3 20. b3 Nf6 $2 {[%mdl 8192]} (20... Re8 {/\21...Nf6}) 21. Bxg5 $1 hxg5 22. h6
Bh8 (22... Bxg4 23. Qe3 Bxe2 24. hxg7 Bd3+ 25. Kd1 Rfe8 26. Qxg5 Nh7 27. Qh6
$18) 23. h7+ $1 Kg7 (23... Nxh7 24. Qh3 $18) 24. Qh3 $18 Nxg4 25. Bxg4 Kf6 26.
Nf1 $1 (26. Bxc8 Raxc8 27. Qf5+ Ke7 28. Qxg5+ Bf6 $16) 26... Ke7 27. Ne3 f5 28.
Bxf5 Bxf5 29. Nxf5+ Rxf5 30. Qxf5 Rf8 31. Qxg5+ Kd7 32. f3 Na6 33. Qe3 1-0

[Event "Corus"]
[Site "Wijk aan Zee"]
[Date "2000.01.15"]
[Round "1"]
[White "Lputian, Smbat G"]
[Black "Piket, Jeroen"]
[Result "0-1"]
[WhiteElo "2605"]
[BlackElo "2633"]
[Annotator "Huzman,A"]
[PlyCount "92"]
[EventDate "2000.01.15"]
[EventType "tourn"]
[EventRounds "13"]
[EventCountry "NED"]
[EventCategory "18"]
[SourceTitle "CBM 075"]
[Source "ChessBase"]
[SourceDate "2000.04.05"]
[SourceVersion "1"]
[SourceVersionDate "2000.04.05"]
[SourceQuality "1"]

1. Nf3 Nf6 2. c4 g6 3. Nc3 Bg7 4. e4 d6 5. d4 O-O 6. Be2 e5 7. O-O Nc6 8. d5
Ne7 9. Nd2 a5 10. Rb1 Nd7 11. a3 f5 12. b4 Kh8 13. Qc2 Nf6 14. f3 axb4 15. axb4
c6 16. Nb3 $6 fxe4 (16... f4 17. dxc6 bxc6 18. b5 g5 19. bxc6 g4 20. fxg4 Nxg4
21. Bxg4 Bxg4 22. Nd2 Nxc6 23. Nb5 Rf6 24. Nf3 $14 {1-0 Sitnik,I-Rechel,B/
Olomouc 1999/CBM 71 ext (40)}) (16... Nh5 17. Be3 (17. dxc6 Nxc6 18. b5 Nd4 19.
Nxd4 exd4 20. Nd5 Be6 21. exf5 gxf5 22. Bd3 Rc8 23. Qf2 Rc5 24. Ba3 Bxd5 25.
Bxc5 dxc5 26. cxd5 Nf4 27. Bc4 Nxd5 $44 {0-1 Mueller,L-Gallagher,J/SWZ 1995/
CBM 49 ext (32)}) 17... cxd5 18. cxd5 Nf4 19. Na5 Qc7 20. Bd3 Bd7 21. Rfc1 Bh6
22. Qd2 Qb8 23. Bb5 Rd8 24. g3 Nh3+ 25. Kg2 f4 26. Bb6 $16 {1/2-1/2 Lenz,
T-Taggatz,M/Germany 1995/EXT 99/ (42)}) 17. fxe4 cxd5 18. cxd5 Qb6+ 19. Kh1 Bd7
(19... Qxb4 $2 20. Be3 Ra3 21. Nb5 Rxb3 22. Rxb3 Qxe4 23. Qxe4 Nxe4 24. Rxf8+
Bxf8 25. Bf3 $16) 20. Na5 $2 (20. Qd3 Ng4 (20... Rac8 21. Bd2) 21. Rxf8+ Rxf8
22. Bxg4 Bxg4 23. Be3 Qxb4 24. Nd2 Qa5 25. Rxb7 $14) 20... Ng4 $1 21. h3 (21.
Rxf8+ $142 Rxf8 22. Nd1 Nf2+ 23. Nxf2 Qxf2 24. Bg5 Nxd5 $1 25. exd5 (25. Nxb7
Rc8 (25... Nf4 26. Bxf4 exf4 {[%cal Yf4f3]} 27. Qd1 Be5 28. Bf3 Be6 $11) 26.
Qb2 Nf4 $1 27. Bxf4 exf4 $17) 25... Bf5 26. Bd3 Qxc2 27. Bxc2 Bxc2 28. Rc1 e4
29. Nxb7 Bb2 30. Rg1 (30. Re1 Bc3 31. Rc1 Bxb4 32. Be7 Rf2 33. Bxd6 Bd2 $17) (
30. Bh6 Bxc1 (30... Rf2 31. Rg1 $15) 31. Bxf8 e3 32. Kg1 Bb2 33. Bxd6 e2 34.
Bg3 (34. Kf2 Bd1 $19) 34... Bd4+ 35. Kh1 Be4 $17) 30... Bd4 31. Bh6 Rf6 32. Bg5
Rf5 33. Nxd6 Rxd5 $17) (21. Nd1 Rxf1+ 22. Bxf1 Qd4 23. Bg5 (23. Bd2 Ba4 $1 $17)
(23. Be2 Nf6 $17 {[%csl Re4]}) 23... Rf8 $1 (23... Nxd5 $5 24. Nb3 Rf8 $1 25.
Bc4 Qb6 26. exd5 Bf5 27. Bd3 Qa6 $1 28. Nb2 Bxd3 29. Nxd3 Qxd3 $17) 24. Be2
Nxd5 25. exd5 (25. Nb3 Nf2+ 26. Nxf2 Qxf2 $19) 25... Bf5 26. Qb2 Bxb1 27. Qxb1
h6 28. h3 (28. Bh4 Rf1+ $3 29. Bxf1 Qf4 $19) 28... Qxd1+ $1 29. Qxd1 Nf2+ 30.
Kg1 Nxd1 31. Be7 Re8 32. Bxd6 Nc3 $17) 21... Rxf1+ 22. Bxf1 Rf8 23. Bg5 $2 {
[%mdl 8192]} (23. Qe2 $1 Nf2+ (23... Qd4 $5 24. hxg4 Qxc3 25. Bg5 $13) (23...
Rf2 $2 24. Qe1 Nf6 25. Bd3 $16 {[%csl Rf2]}) 24. Kh2 Nxh3 25. Be3 Qc7 26. Nb5
Bxb5 27. Qxb5 $44) 23... Nf2+ 24. Kh2 Nxh3 $1 $19 25. Bb5 Nxg5 26. Bxd7 Rf4 $1
$40 27. Nc4 Qc7 (27... Qd8 28. Bb5 Ng8 $1 $19) 28. Bb5 Ng8 29. Kg1 Nf6 30. Rf1
Rg4 $1 {[%csl Re4]} 31. Qa2 Ngxe4 32. Nxe4 Rxe4 33. Qa5 $6 Rxc4 34. Bxc4 Qxc4
35. Qd8+ Ng8 36. Qxd6 e4 $1 37. Re1 Qd4+ 38. Kh1 Be5 39. Qc5 e3 40. Qxd4 Bxd4
41. d6 Nf6 42. g4 Nxg4 43. d7 Bb6 44. Kg2 Kg7 45. Rd1 Bd8 46. Rd4 Nf6 0-1